| 000 | 00705nam a2200217 i 4500 | ||
|---|---|---|---|
| 001 | 140921 | ||
| 003 | ES-MaACL | ||
| 005 | 20231213062949.0 | ||
| 007 | t| | ||
| 008 | 070918s1970 sp ||||1| spa d | ||
| 080 | _a860 Pérez Galdós, Benito 7.Audaz.06 | ||
| 100 | 1 |
_aYnduráin, Francisco, _d1910-1994 _9117648 |
|
| 245 | 1 | 0 |
_aGaldós entre la novela y el folletín / _cFrancisco Ynduráin. |
| 260 |
_a[Madrid : _bTaurus, _c1970] |
||
| 300 |
_a82 p. ; _c18 cm. |
||
| 490 | 1 |
_aCuadernos Taurus ; _v98 |
|
| 600 | 1 | 4 |
_aPérez Galdós, Benito, _d1843-1920. _tEl audaz _990880 |
| 830 | 0 |
_aCuadernos Taurus ; _v98 _9180748 |
|
| 852 |
_aES-MaACL _jC-50737 _bR.75887 |
||
| 999 |
_c140921 _d140921 |
||